000 00766nas a2200229 4500
001 BR8205224
003 BR-BrBNA
005 20231205085244.0
007 ta
008 230509b bl.|||p| |||| 00| 00por d
040 _aBR-BrBNA
_bpor
_cBiblioteca Nacional de Agricultura
041 _a(Pt)
072 _aE10
100 1 _aMachado, G.R. (Instituto Rio Grandense do Arroz, Porto Alegre (Brazil). Equipe de Divulgacao)
245 1 _aO fator humano no meio rural [treinamento, Rio Grande do Sul, Brasil]
650 _aMAO-DE-OBRA
650 _aTREINAMENTO
650 _aRIO GRANDE DO SUL
773 0 _tLavoura Arrozeira (Brazil)
_xISSN 0023-9143
_g(Mar 1982), v. 35(334) p. 43-45
_wBR8205224
909 _a202311
_bLúcia
_c55
_dLúcia Elande
942 _2AGRIS
_n0
_cANA
999 _c110279
_d110279